000 01526 a2200385 4500
020 _a0-06-045694-9
082 _a624.1821 SAL
_bL-20-P-111
090 _c2890
_d2890
100 _aSALMON, CHARLES.G AND JOHN JHONSON
_943064
245 _aSTEEL STRUCTURES DESIGN AND BEHAVIOR
250 _a2ND
260 _aNEW YARK
_bHARPER AND ROW PUBLISHERS
_c1980
300 _aXVI, 1006P.
_bILL
_c24CM
500 _aSTEEL STRUCTURES
526 _a0
_b0
_c0
_d624_182100000000000_SAL_L20P11
526 _a0
_b0
_c0
_d624_182100000000000_SAL_L20P11
526 _a0
_b0
_c0
_d624_182100000000000_SAL_L20P11
526 _a0
_b0
_c0
_d624_182100000000000_SAL_L20P11
526 _a0
_b0
_c0
_d624_182100000000000_SAL_L20P11
526 _a0
_b0
_c0
_d624_182100000000000_SAL_L20P11
526 _a0
_b0
_c0
_d624_182100000000000_SAL_L20P11
526 _a0
_b0
_c0
_d624_182100000000000_SAL_L20P11
526 _a0
_b0
_c0
_d624_182100000000000_SAL_L20P11
526 _a0
_b0
_c0
_d624_182100000000000_SAL_L20P11
526 _a0
_b0
_c0
_d624_182100000000000_SAL_L20P11
526 _a0
_b0
_c0
_d624_182100000000000_SAL_L20P11
526 _a0
_b0
_c0
_d624_182100000000000_SAL_L20P11
526 _a0
_b0
_c0
_d624_182100000000000_SAL_L20P11
526 _a0
_b0
_c0
_d624_182100000000000_SAL_L20P11
526 _a0
_b0
_c0
_d624_182100000000000_SAL_L20P11
526 _a0
_b0
_c0
_d624_182100000000000_SAL_L20P11
526 _a0
_b0
_c0
_d624_182100000000000_SAL_L20P11
526 _a0
_b0
_c0
_d624_182100000000000_SAL_L20P111
942 _2ddc
_aMCE
_cBOOK
_k624.1821 SAL
999 _c546860
_d546860